Công nghệ Vi sinh vật

.

Salvato in:
Dettagli Bibliografici
Autore principale: B. Ia. Neiman (Tác giả)
Altri autori: Nguyễn Lân Dũng (Dịch)
Natura: Libro
Lingua:Vietnamese
Pubblicazione: H. Nxb. Khoa học kỹ thuật
Liên Xô Nxb. Mir (Maxcơva)
Soggetti:
Tags: Aggiungi Tag
Nessun Tag, puoi essere il primo ad aggiungerne! !
Thư viện lưu trữ: Mạng thư viện Đại học Đà Nẵng
LEADER 01059nam a2200349 4500
001 000013616
003 9960
005 20120320080329.0
008 120320s viesd
020 |c 0đ 
041 0 |a vie 
082 |a 579  |b NE-B 
100 0 |a B. Ia. Neiman  |e Tác giả 
245 0 |a Công nghệ Vi sinh vật  |c B. Ia. Neiman 
260 |a H.  |b Nxb. Khoa học kỹ thuật 
260 |a Liên Xô  |b Nxb. Mir (Maxcơva) 
300 |a 301tr  |c 17cm 
520 |a . 
653 |a Công nghệ 
653 |a Vi sinh vật 
653 |a Sinh học 
700 |a Nguyễn Lân Dũng  |e Dịch 
OWN |a LSP 
AVA |a UDN50  |b LSP  |d 579 NE-B  |e available  |t Error 5001 Not defined in file expand_doc_bib_avail.  |f 1  |g 0  |h N  |i 0  |k 1 
999 |a From the UDN01 
AVA |a UDN50  |b LSP  |d 579 NE-B  |e available  |t Error 5001 Not defined in file expand_doc_bib_avail.  |f 1  |g 0  |h N  |i 0  |k 1 
TYP |a Monograph 
TYP |a Printed language 
980 |a Mạng thư viện Đại học Đà Nẵng